<?xml version="1.0" encoding="UTF-8"?>
<record
    xmlns:xsi="http://www.w3.org/2001/XMLSchema-instance"
    xsi:schemaLocation="http://www.loc.gov/MARC21/slim http://www.loc.gov/standards/marcxml/schema/MARC21slim.xsd"
    xmlns="http://www.loc.gov/MARC21/slim">

  <leader>01863nam a22003137a 4500</leader>
  <controlfield tag="005">2009061809419.0</controlfield>
  <controlfield tag="008">090513t        xxu||||| |||| 00| 0 hin d</controlfield>
  <datafield tag="010" ind1=" " ind2=" ">
    <subfield code="a">HIN-86974-975</subfield>
  </datafield>
  <datafield tag="020" ind1=" " ind2=" ">
    <subfield code="c">300.00</subfield>
    <subfield code="a">8171452027 (&#x92D;&#x93E;-1)</subfield>
  </datafield>
  <datafield tag="020" ind1=" " ind2=" ">
    <subfield code="c">300.00</subfield>
    <subfield code="a">8171452035 (&#x92D;&#x93E;-2)</subfield>
  </datafield>
  <datafield tag="035" ind1=" " ind2=" ">
    <subfield code="a">HN-59320-21</subfield>
  </datafield>
  <datafield tag="037" ind1=" " ind2=" ">
    <subfield code="b">DBAD / PUB </subfield>
  </datafield>
  <datafield tag="040" ind1=" " ind2=" ">
    <subfield code="a">dpl</subfield>
    <subfield code="b">hn</subfield>
  </datafield>
  <datafield tag="082" ind1=" " ind2=" ">
    <subfield code="a">954.0841092</subfield>
  </datafield>
  <datafield tag="100" ind1=" " ind2=" ">
    <subfield code="a">&#x936;&#x915;&#x941;&#x928;, &#x938;&#x924;&#x94D;&#x92F;</subfield>
  </datafield>
  <datafield tag="245" ind1=" " ind2=" ">
    <subfield code="a">&#x92E;&#x948;&#x902; &#x924;&#x941;&#x92E;&#x94D;&#x939;&#x947;&#x902; &#x906;&#x91C;&#x93C;&#x93E;&#x926;&#x940; &#x926;&#x942;&#x902;&#x917;&#x93E;   / </subfield>
    <subfield code="c">&#x938;&#x924;&#x94D;&#x92F; &#x936;&#x915;&#x941;&#x928; </subfield>
  </datafield>
  <datafield tag="246" ind1=" " ind2=" ">
    <subfield code="a">Men tunmhe aajaadi dungaa  </subfield>
    <subfield code="b">by Satya Sakun </subfield>
  </datafield>
  <datafield tag="260" ind1=" " ind2=" ">
    <subfield code="a">&#x926;&#x93F;&#x932;&#x94D;&#x932;&#x940;</subfield>
    <subfield code="b">&#x938;&#x928;&#x94D;&#x92E;&#x93E;&#x930;&#x94D;&#x917; &#x92A;&#x94D;&#x930;&#x915;&#x93E;&#x936;&#x928; </subfield>
    <subfield code="c">2008</subfield>
  </datafield>
  <datafield tag="270" ind1=" " ind2=" ">
    <subfield code="a">16, &#x92F;&#x942;.&#x92C;&#x940;. &#x92C;&#x948;&#x902;&#x917;&#x94D;&#x932;&#x94B;&#x902; &#x930;&#x94B;&#x921;, &#x91C;&#x92A;&#x949;&#x935;&#x93E;&#x939;&#x930; &#x928;&#x917;&#x930; </subfield>
    <subfield code="b">&#x926;&#x93F;&#x932;&#x94D;&#x932;&#x940;</subfield>
    <subfield code="e">110007 </subfield>
  </datafield>
  <datafield tag="300" ind1=" " ind2=" ">
    <subfield code="a">2 &#x92D;&#x93E;. (&#x92D;&#x93E;-1,256&#x92A;&#x943;.; &#x92D;&#x93E;-2,240&#x92A;&#x943;.)</subfield>
    <subfield code="c">22&#x938;&#x947;&#x92E;&#x940; (&#x938;&#x91C;&#x93F;&#x932;&#x94D;&#x926;) </subfield>
  </datafield>
  <datafield tag="500" ind1=" " ind2=" ">
    <subfield code="a">2 &#x92D;&#x93E;&#x917;&#x94B;&#x902; &#x92E;&#x947;&#x902; &#x92A;&#x94D;&#x930;&#x915;&#x93E;&#x936;&#x93F;&#x924; &#x964;&#x92E;&#x942;&#x932;&#x94D;&#x92F; &#x930;&#x942;. 300.00 (&#x92A;&#x94D;&#x930;&#x924;&#x93F; &#x92D;&#x93E;&#x917;)</subfield>
  </datafield>
  <datafield tag="600" ind1=" " ind2=" ">
    <subfield code="a">&#x92C;&#x94B;&#x938;, &#x938;&#x941;&#x92D;&#x93E;&#x937;&#x91A;&#x928;&#x94D;&#x926;&#x94D;&#x930;, 1897-1945</subfield>
  </datafield>
  <datafield tag="600" ind1=" " ind2=" ">
    <subfield code="a">Bose, Subhash Chandra, 1897-1945</subfield>
  </datafield>
  <datafield tag="651" ind1=" " ind2=" ">
    <subfield code="a">&#x92D;&#x93E;&#x930;&#x924;</subfield>
    <subfield code="x">&#x907;&#x924;&#x93F;&#x939;&#x93E;&#x938;</subfield>
    <subfield code="x">&#x938;&#x94D;&#x935;&#x93E;&#x92F;&#x924;&#x94D;&#x924;&#x93E; &#x914;&#x930; &#x938;&#x94D;&#x935;&#x93E;&#x927;&#x940;&#x928;&#x924;&#x93E; &#x938;&#x902;&#x918;&#x930;&#x94D;&#x937;</subfield>
  </datafield>
  <datafield tag="651" ind1=" " ind2=" ">
    <subfield code="a">India</subfield>
    <subfield code="x">History</subfield>
    <subfield code="x">Autonomy and independece movement</subfield>
  </datafield>
  <datafield tag="942" ind1=" " ind2=" ">
    <subfield code="2">ddc</subfield>
    <subfield code="c">HN</subfield>
    <subfield code="m">&#x936;&#x915;&#x941;&#x928; </subfield>
    <subfield code="h">954.0841092</subfield>
  </datafield>
  <datafield tag="999" ind1=" " ind2=" ">
    <subfield code="c">27585</subfield>
    <subfield code="d">27585</subfield>
  </datafield>
  <datafield tag="952" ind1=" " ind2=" ">
    <subfield code="0">0</subfield>
    <subfield code="1">0</subfield>
    <subfield code="2">ddc</subfield>
    <subfield code="3">&#x92D;&#x93E;-1</subfield>
    <subfield code="4">0</subfield>
    <subfield code="7">1</subfield>
    <subfield code="a">DBAD</subfield>
    <subfield code="b">DBAD</subfield>
    <subfield code="d">2009-06-18</subfield>
    <subfield code="e">DBAD / PUB</subfield>
    <subfield code="g">300.00</subfield>
    <subfield code="l">0</subfield>
    <subfield code="o">954.0841092 &#x936;&#x915;&#x941;&#x928;</subfield>
    <subfield code="p">HN-59320</subfield>
    <subfield code="r">2009-06-18 00:00:00</subfield>
    <subfield code="t">1</subfield>
    <subfield code="v">300.00</subfield>
    <subfield code="w">2009-06-18</subfield>
    <subfield code="y">HN</subfield>
    <subfield code="z">&#x92D;&#x93E;-1</subfield>
  </datafield>
  <datafield tag="952" ind1=" " ind2=" ">
    <subfield code="0">0</subfield>
    <subfield code="1">0</subfield>
    <subfield code="2">ddc</subfield>
    <subfield code="3">&#x92D;&#x93E;-2</subfield>
    <subfield code="4">0</subfield>
    <subfield code="7">1</subfield>
    <subfield code="a">DBAD</subfield>
    <subfield code="b">DBAD</subfield>
    <subfield code="d">2009-06-18</subfield>
    <subfield code="e">DBAD / PUB</subfield>
    <subfield code="g">300.00</subfield>
    <subfield code="l">0</subfield>
    <subfield code="o">954.0841092 &#x936;&#x915;&#x941;&#x928;</subfield>
    <subfield code="p">HN-59321</subfield>
    <subfield code="r">2009-06-18 00:00:00</subfield>
    <subfield code="t">1</subfield>
    <subfield code="v">300.00</subfield>
    <subfield code="w">2009-06-18</subfield>
    <subfield code="y">HN</subfield>
    <subfield code="z">&#x92D;&#x93E;-2</subfield>
  </datafield>
</record>
